Last Team of NFL Players - Statistics

General Stats
  • This quiz has been taken 14 times
  • The average score is 12 of 25
Answer Stats
Player Years Played for Last Team Team % Correct
Tom Brady 2020-2022 Tampa Bay Buccaneers
100%
Antonio Brown 2020-2021 Tampa Bay Buccaneers
85%
Emmitt Smith 2003-2004 Arizona Cardinals
77%
Brett Favre 2009-2010 Minnesota Vikings
77%
Michael Vick 2015 Pittsburgh Steelers
77%
Marshawn Lynch 2019 Seattle Seahawks
77%
Deion Sanders 2004-2005 Baltimore Ravens
69%
Terrell Owens 2010 Cincinnati Bengals
69%
Ladainian Tomlinson 2010-2011 New York Jets
69%
Emmanuel Sanders 2021 Buffalo Bills
54%
Adrian Peterson 2021 Seattle Seahawks
54%
Le'Veon Bell 2021 Tampa Bay Buccaneers
54%
Jordy Nelson 2018 Oakland Raiders
46%
Jamal Lewis 2007-2009 Cleveland Browns
38%
Marcus Allen 1993-1997 Kansas City Chiefs
38%
Ed Reed 2013 New York Jets
38%
Chris Johnson 2015-2017 Arizona Cardinals
31%
Vinny Testaverde 2007 Carolina Panthers
31%
Alan Page 1978-1981 Chicago Bears
31%
Morten Andersen 2006-2007 Atlanta Falcons
23%
Andre Reed 2000 Washington Redskins
23%
Joey Porter 2010-2011 Arizona Cardinals
15%
Shane Lechler 2013-2017 Houston Texans
15%
John Carney 2009-2010 New Orleans Saints
15%
Josh Gordon 2022 Tennessee Titans
15%
No matching quizzes found
Score Distribution
Percent of People with Each Score
Percentile by Number Answered
Your Score History
You have not taken this quiz